| 000 | 00705nam a2200229Ia 4500 | ||
|---|---|---|---|
| 001 | 1608 | ||
| 003 | GE_BSU | ||
| 008 | 181216s||||||||xx |||||||||||||| ||und|| | ||
| 010 | _a9789941412509 | ||
| 040 | _cGE_BSU | ||
| 080 | _a699.85(076) | ||
| 100 | _aფუტკარაძე, გ. | ||
| 245 | _aსაწარმოო პრაქტიკა. | ||
| 245 | _bმეთოდური მითითებები. | ||
| 260 | _aბათუმი. | ||
| 260 | _bშოთა რუსთაველის სახ. უნ–ტი. | ||
| 260 | _c2011. | ||
| 300 | _a22გვ;21სმ. | ||
| 541 | _h2 ლ. | ||
| 653 | _aსაწარმოო პრაქტიკა. | ||
| 942 | _cBK | ||
| 999 |
_c35733 _d35733 |
||